000 00494nam a2200241Ia 4500
003 IT-RoPAU
008 120407s9999 xx 000 0 und d
040 _aIT-RoPAU
040 _cIT-RoPAU
041 _aita
100 _aMarcelle Pellissier
245 _aGina si osserva
250 _aMilano
260 _aEdizioni Paoline
260 _c1971
300 _a138 p.
300 _c18 cm
490 _aLe vele
490 _v19
600 _a1.Titolo
942 _cBK
999 _c25478
_d25478